| 000 | 00603nam a22002052 4500 | ||
|---|---|---|---|
| 001 | 0000020346 | ||
| 005 | 20151217152212.0 | ||
| 008 | 110913s xx 000 0 eng d | ||
| 020 | _a0702029349 : | ||
| 040 |
_aKABU _cKABU |
||
| 245 | 1 | 0 |
_aTrease and evans pharmacognosy / _c[edited by] William Charles Evans. |
| 250 | _a16th ed. | ||
| 260 |
_aLondon : _bElsevier, _c2009. |
||
| 300 | _aix, 603 p. | ||
| 650 | 0 |
_aPPharmacognosy. _@0000180536 |
|
| 700 | 1 |
_aEvans, William Charles. _@0000180537 |
|
| 852 | 1 | _9p2320 KES | |
| 908 | _a110913 | ||
| 950 | _@1 | ||
| 999 |
_c9276 _d9276 |
||